| 000 | 01236nam a22002537a 4500 | ||
|---|---|---|---|
| 005 | 20100915122746.0 | ||
| 008 | 100915t xxu||||| |||| 00| 0 hin d | ||
| 010 | _aHIN-90486 | ||
| 020 |
_a8180010392 _c125.00 |
||
| 035 | _aHN-62832 | ||
| 037 | _bDBAD / PUB | ||
| 040 |
_aDPL _bHN |
||
| 082 | _a821 | ||
| 100 |
_aराजेन्द्र प्रताप 'राजेन्द्र ' _920178 |
||
| 245 |
_aनेताजी सुभाषः _cराजन्द्र प्रताप राजेन्द्र _bस्वतंत्रता के अपूर्व महानायक / |
||
| 246 |
_aNetaji Subhash: Swatantrata ke apuva mahanayak _bbyRajendra Pratap ' Rajendra' |
||
| 260 |
_aलखनऊ _bचैतन्य प्रकाशन _c2008 |
||
| 270 |
_a17ए, अशोक मार्ग _bलखनऊ _e226001 |
||
| 300 |
_a89पृ. _c22सेमी (सजिल्द) |
||
| 650 |
_91159 _aहिन्दी कविता |
||
| 700 | _920179 | ||
| 942 |
_2ddc _cHN _h821 _mराजेन्द्र |
||
| 999 |
_c46086 _d46086 |
||